Brush arbor birthright. (Record no. 14147)

000 -LEADER
fixed length control field 00812nam a2200229 a 4500
001 - CONTROL NUMBER
control field :::00011971$&:&@@
003 - CONTROL NUMBER IDENTIFIER
control field OkBaRHE
005 - DATE AND TIME OF LATEST TRANSACTION
control field 20110505121821.0
008 - FIXED-LENGTH DATA ELEMENTS--GENERAL INFORMATION
fixed length control field s1986 j 000 0 eng u
020 ## - INTERNATIONAL STANDARD BOOK NUMBER
International Standard Book Number 0882434837 (pbk.)
040 ## - CATALOGING SOURCE
Transcribing agency
100 1# - MAIN ENTRY--PERSONAL NAME
Personal name Vaughn, Lou Ella.
245 10 - TITLE STATEMENT
Title Brush arbor birthright.
260 ## - PUBLICATION, DISTRIBUTION, ETC. (IMPRINT)
Place of publication, distribution, etc Springfield, MO., :
Name of publisher, distributor, etc Radiant Books
Date of publication, distribution, etc c1986
300 ## - PHYSICAL DESCRIPTION
Extent 157 p. : illus. ;
Dimensions 18 cm.
650 ## - SUBJECT ADDED ENTRY--TOPICAL TERM
Topical term or geographic name as entry element Givens, Benjamin, 1894-
650 ## - SUBJECT ADDED ENTRY--TOPICAL TERM
Topical term or geographic name as entry element Givens, Manerva, 1900-1982.
650 ## - SUBJECT ADDED ENTRY--TOPICAL TERM
Topical term or geographic name as entry element Pentecostal Churches
General subdivision United States
-- Clergy
-- Biography
942 ## - ADDED ENTRY ELEMENTS (KOHA)
Source of classification or shelving scheme
Koha item type Books
Copies
Shelving location Permanent Location Copy number Current Location Full call number Price effective from Barcode Withdrawn status Source of classification or shelving scheme Not for loan Date last seen Koha item type Damaged status Date acquired Lost status
General StacksRHEMA Bible Training College1 BX 8762 .Z8V382010-04-1411971   2012-02-07Books 2010-04-14 
General StacksRHEMA Bible Training College2RHEMA Bible Training CollegeBX 8762.Z8V382011-05-0521959   2011-05-05Books 2011-05-05